000 00911nmm a2200289 a 4500
001 ocm000641546
003 TR-IsHL
005 20201028131611.0
008 131028s2006 tu tur
007 cr cn
020 _a9789757800477
035 _a641546
_b(N$T)
050 0 4 _aBP189
_b.H45 2006
090 0 4 _aBP189
_b.H45 2006
100 1 _aHelminski, Kabir
245 1 0 _aBilen kalp: ruhsal dönüşümün sufi yolu
_h[electronic resource] /
_cKabir Helminski ; çev. Refik Algan
250 _a2. bs.
260 _aİstanbul :
_bDharma Yayıncılık,
_c2006
300 _a352 p.
650 4 _aFelsefe, Psikoloji ve Din
650 4 _aPhilosophy, Psychology and Religion
650 0 _aSufizm
650 0 _aSufism
650 7 _aRELIGION / Islam / Sufi
_2bisacsh
700 1 _aAlgan, Refik
856 4 0 _uhttp://search.ebscohost.com/login.aspx?direct=true&scope=site&db=e011xww&AN=641546
999 _c4649
_d4649